000 00458cam a22001457a 4500
008 180718b1982 xxu||||| |||| 00| 0 eng d
082 _aA99/G151 N164
100 _aNarayan, R.S.
245 _aGandhi's contribution to political thought
_cby R.S. Narayan
260 _aMysore
_bUniv. of Mysore
_c1982
300 _a161p.
650 _aSatyagraha
650 _aGandhi, M.K. - Views on political thought
650 _aGandhi, M.K. - Criticism and interpretation
999 _c398224
_d398224